The heritage of Japanese art

Art is the proof of the existence of spiritual values, and speaks an international language. This book is an attempt to explain the traditions which have shaped the art of Japan.

Đã lưu trong:
Chi tiết về thư mục
Tác giả chính: Seiroku, Noma
Định dạng: Sách
Ngôn ngữ:Undetermined
Được phát hành: Tokyo, Japan Kokusai Bunka Shinkokai 1967
Những chủ đề:
Các nhãn: Thêm thẻ
Không có thẻ, Là người đầu tiên thẻ bản ghi này!
Thư viện lưu trữ: Trung tâm Học liệu Trường Đại học Cần Thơ
LEADER 00701nam a2200193Ia 4500
001 CTU_104617
008 210402s9999 xx 000 0 und d
082 |a 700.952 
082 |b S461 
100 |a Seiroku, Noma 
245 4 |a The heritage of Japanese art 
245 0 |c Noma Seikoru 
260 |a Tokyo, Japan 
260 |b Kokusai Bunka Shinkokai 
260 |c 1967 
520 |a Art is the proof of the existence of spiritual values, and speaks an international language. This book is an attempt to explain the traditions which have shaped the art of Japan. 
650 |a Art, Japanese,Mỹ thuật, Nhật Bản 
904 |i Minh 
980 |a Trung tâm Học liệu Trường Đại học Cần Thơ